000 00532nam a2200181Ia 4500
999 _c9963
_d9963
003 OSt
005 20191231110519.0
008 190216s9999||||xx |||||||||||||| ||und||
020 _a9788120718647
040 _coclc
082 _a338
_bCAU/B
100 _aCauvery, R
_9493
245 0 _aBusiness Economics /
_cR Cauvery ; U K Sudha Nayak ; M Girija ; N Kruparani
260 _bSterling Publications,
_c1996.
_aNew Delhi:
300 _a521p
650 _aEconomics
942 _cBK
_2ddc
_h338
_iCAU/B
_k338
_mCAU/B